75 Jahre ARD - Die größten Show-Klassiker - Statistiken

Allgemein
  • Dieses Quiz wurde 40 mal gespielt
  • Das Durchschnittsergebnis liegt bei 5 aus 10
Antwortstatistiken
# Laufzeit Moderator Show % Korrekt
1 1974-1979 Rudi Carrell Am laufenden Band
76%
5 1987-2005 Rudi Carrell,Rainhard Fendrich, Hera Lind, Christian Clerici, Pierre Geisensetter, Jörg Pilawa, Alexander Mazza Herzblatt
68%
2 1989-2001 Jürgen von der Lippe Geld oder Liebe
61%
3 1955-1958,1961-1989, 2000-2005 Robert Lembke,Björn-Hergen Schimpf Was bin ich?
58%
7 1983-1990 Peter Illmann,Ingolf Lück, Stefanie Tücking, Kai Böcking Formel Eins
55%
6 1964-1966,1968-1969, 1979-1987, 1998 Hans-Joachim Kulenkampff,Jörg Kachelmann Einer wird gewinnen
50%
8 1974-1996,2018 Frank Elstner,Reinhard Mey, Sigi Harreis, Guido Cantz Die Montagsmaler
42%
10 1985-1999,2018-2019 Fritz Egner,Werner Schmidbauer, Mareile Höppner Dingsda
32%
9 1988-1992 Rudi Carrell Die Rudi Carrell Show – Laß Dich überraschen
24%
4 1965-1999 Camillo Felgen,Frank Elstner, Erhard Keller Spiel ohne Grenzen
21%
Keine übereinstimmenden Quizze gefunden
Verteilung der Resultate
Anzahl Personen mit jedem Resultat
Perzentil nach korrekt beantworteten Fragen
Ihre Resultats-Entwicklung
Sie haben dieses Quiz noch nicht gespielt